The case method of teaching human relations and administration / (Record no. 11510)
[ view plain ]
| 000 -LEADER | |
|---|---|
| fixed length control field | 00896nam a2200253 a 4500 |
| 001 - CONTROL NUMBER | |
| control field | 11510 |
| 003 - CONTROL NUMBER IDENTIFIER | |
| control field | BD-JhCC |
| 005 - DATE AND TIME OF LATEST TRANSACTION | |
| control field | 20191021092421.0 |
| 008 - FIXED-LENGTH DATA ELEMENTS--GENERAL INFORMATION | |
| fixed length control field | 180516s1951 mau 000 0 eng |
| 010 ## - LIBRARY OF CONGRESS CONTROL NUMBER | |
| LC control number | 52000012 |
| 035 ## - SYSTEM CONTROL NUMBER | |
| System control number | (BD-JhCC)11510 |
| 040 ## - CATALOGING SOURCE | |
| Original cataloging agency | DLC |
| Transcribing agency | DLC |
| Modifying agency | DLC |
| -- | BD-JhCC |
| 050 00 - LIBRARY OF CONGRESS CALL NUMBER | |
| Classification number | HF5549 |
| Item number | .A853 |
| 082 00 - DEWEY DECIMAL CLASSIFICATION NUMBER | |
| Classification number | 658.3007 |
| Item number | CAS 1951 |
| 245 04 - TITLE STATEMENT | |
| Title | The case method of teaching human relations and administration / |
| Statement of responsibility, etc. | Kenneth Richmond Andrews |
| 260 ## - PUBLICATION, DISTRIBUTION, ETC. | |
| Place of publication, distribution, etc. | [Cambridge] |
| Name of publisher, distributor, etc. | Harvard University, Graduate School of Business Administration, |
| Date of publication, distribution, etc. | 1951. |
| 300 ## - PHYSICAL DESCRIPTION | |
| Extent | 263 l. |
| Dimensions | 28 cm. |
| 650 #0 - SUBJECT ADDED ENTRY--TOPICAL TERM | |
| Topical term or geographic name entry element | Industrial relations |
| General subdivision | Study and teaching. |
| 650 #0 - SUBJECT ADDED ENTRY--TOPICAL TERM | |
| Topical term or geographic name entry element | Personnel management |
| General subdivision | Study and teaching. |
| 650 #0 - SUBJECT ADDED ENTRY--TOPICAL TERM | |
| Topical term or geographic name entry element | Case method. |
| 700 ## - ADDED ENTRY--PERSONAL NAME | |
| Personal name | Andrews, Kenneth R. |
| Dates associated with a name | 1916-2005, |
| Fuller form of name | (Kenneth Richmond), |
| 710 2# - ADDED ENTRY--CORPORATE NAME | |
| Corporate name or jurisdiction name as entry element | Harvard University. |
| Subordinate unit | Graduate School of Business Administration. |
| 942 ## - ADDED ENTRY ELEMENTS (KOHA) | |
| Source of classification or shelving scheme | Dewey Decimal Classification |
| Koha item type | Books |
| Withdrawn status | Lost status | Source of classification or shelving scheme | Damaged status | Not for loan | Home library | Current library | Shelving location | Date acquired | Total Checkouts | Full call number | Barcode | Date last seen | Copy number | Price effective from | Koha item type |
|---|---|---|---|---|---|---|---|---|---|---|---|---|---|---|---|
| Dewey Decimal Classification | JCC Rouf Library | JCC Rouf Library | General Stacks | 01/21/2018 | 658.3007 CAS 1951 | 14726 | 10/21/2019 | C-1 | 10/21/2019 | Books |